000 00342nam a2200145Ia 4500
008 210210b1929 xxu||||| |||| 00| 0 eng d
041 _aeng
082 _a829/975
100 _aSCOTT (Sir W)
245 _aWaverley
260 _aLondon
_bOxford University Press
_c1929
650 _aWaverley
690 _aEnglish Fiction
906 _a017590
999 _c137574
_d137574